000 01125cam a2200325 4500
999 _c8457
_d8457
001 8457
003 BD-JhCC
005 20180224200741.0
008 740809t19751967nyub 000 0aeng
020 _a0156465094
035 _a(BD-JhCC)8457
040 _aDLC
_cDLC
_dDLC
_dBD-JhCC
041 1 _aengrus
050 0 0 _aDK268.3
_b.G513 1975
082 0 0 _a365/.6/0924
_aB
_bGIN 1985
100 1 _aGinzburg, Evgenii︠a︡ Semenovna.
240 1 0 _aKrutoĭ marshrut.
245 1 0 _aJourney into the whirlwind
_c[by] Eugenia Semyonovna Ginzburg. Translated by Paul Stevenson and Max Hayward.
260 _aNew York,
_bHarcourt Brace Jovanovich
_c[1975, c1967]
300 _a418 p.
_bmap.
_c21 cm.
490 0 _aA Harvest book, HB 304
500 _a"A Helen and Kurt Wolff book."
500 _aTranslation of Krutoĭ marshrut.
600 1 0 _aGinzburg, Evgenii︠a︡ Semenovna.
650 0 _aPolitical prisoners
_zSoviet Union
_xBiography.
651 0 _aSoviet Union
_xSocial conditions.
856 4 2 _3Publisher description
_uhttp://www.loc.gov/catdir/description/har041/74016406.html
942 _2ddc
_cBK